<?xml version="1.0" encoding="UTF-8"?>
<marc:record xmlns:marc="http://www.loc.gov/MARC21/slim">
   <marc:leader>00000nam a2200000 a 4500</marc:leader>
   <marc:datafield ind1="1" ind2=" " tag="100">
      <marc:subfield code="a">Swann, Leonie</marc:subfield>
      <marc:subfield code="4">aut</marc:subfield>
      <marc:subfield code="e">Verfasser/-in</marc:subfield>
   </marc:datafield>
   <marc:datafield ind1=" " ind2=" " tag="653">
      <marc:subfield code="a">Krimi</marc:subfield>
   </marc:datafield>
   <marc:datafield ind1=" " ind2=" " tag="653">
      <marc:subfield code="a">Schafe</marc:subfield>
   </marc:datafield>
   <marc:datafield ind1="0" ind2="0" tag="245">
      <marc:subfield code="a">Glennkill - ein Schafskrimi</marc:subfield>
   </marc:datafield>
   <marc:datafield ind1="0" ind2="0" tag="245">
      <marc:subfield code="c">Leonie Swann</marc:subfield>
   </marc:datafield>
   <marc:datafield ind1=" " ind2="1" tag="264">
      <marc:subfield code="a">München</marc:subfield>
      <marc:subfield code="b">Goldmann</marc:subfield>
      <marc:subfield code="c">2005</marc:subfield>
   </marc:datafield>
   <marc:datafield ind1=" " ind2=" " tag="250">
      <marc:subfield code="a">1.Auflage</marc:subfield>
   </marc:datafield>
   <marc:datafield ind1="1" ind2=" " tag="520">
      <marc:subfield code="a">Verlagstext:&lt;br/&gt;&lt;br/&gt;Leblos liegt der Schäfer George Glenn im irischen Gras, ein Spaten ragt aus seiner Brust. Die Schafe von George sind entsetzt: Wer kann den alten Schäfer umgebracht haben? Und warum? Miss Maple, das klügste Schaf der Herde, beginnt, sich für den Fall zu interessieren. Glücklicherweise hat George seinen Schafen vorgelesen, und so trifft sie das kriminalistische Problem nicht ganz unvorbereitet. Unerbittlich folgen sie der Spur des Täters und kommen den Geheimnissen der Menschenwelt dabei nach und nach auf die Schliche - bis es ihnen schließlich gelingt, Licht ins Dunkel zu bringen und den rätselhaften Tod ihres Schäfers aufzuklären.&lt;br/&gt;&lt;br/&gt;"Glennkill" ist das Aufsehen erregende Debüt einer jungen deutschen Autorin - eine der zauberhaftesten und ungewöhnlichsten Entdeckungen der letzten Jahre!</marc:subfield>
   </marc:datafield>
   <marc:datafield ind1=" " ind2=" " tag="020">
      <marc:subfield code="a">9783442301294</marc:subfield>
      <marc:subfield code="9">9783442301294</marc:subfield>
   </marc:datafield>
   <marc:datafield ind1=" " ind2=" " tag="041">
      <marc:subfield code="a">ger</marc:subfield>
   </marc:datafield>
   <marc:datafield ind1="1" ind2=" " tag="521">
      <marc:subfield code="a">0</marc:subfield>
   </marc:datafield>
   <marc:datafield ind1=" " ind2=" " tag="300">
      <marc:subfield code="a">377 Seiten</marc:subfield>
   </marc:datafield>
</marc:record>
